000 00288nam a22001337a 4500
008 170424b xxu||||| |||| 00| 0 eng d
020 _a9781323125328
041 _aeng
080 _a54
100 _a12
101 _aSHM
245 _aGENERAL CHEMISTRY
_cMCMURRY, J.E
942 _2udc
_cBK
999 _c11647
_d11647